| 000 | 00459nam a22001817a 4500 | ||
|---|---|---|---|
| 003 | OSt | ||
| 005 | 20220825091300.0 | ||
| 008 | 220825b |||||||| |||| 00| 0 eng d | ||
| 020 | _a1853961116 | ||
| 040 | _cIFM Library | ||
| 082 | _a658.8 | ||
| 100 |
_a Moutinho, L _96512 |
||
| 245 | _aProblems in Marketing | ||
| 260 |
_aLondon: _bHollen street press ltd, _c1991. |
||
| 300 |
_aix,194p.: _bill.; 23cm. |
||
| 650 |
_aMarketing _9207 |
||
| 942 |
_cBK _2ddc _n0 |
||
| 999 |
_c17019 _d17019 |
||